Zámery v reforme

Pokračovanie v prácach na reforme verejnej správy, najmä miestnej správy na Slovensku. Zriadenie Rady vlády SR pre verejnú správu, ako poradného, iniciatívneho a koordinačného orgánu vlády. Zameranie činnosti rady vlády. Formovanie vzťahu štátu a subjektov miestnej samosprávy. Aktivity na úseku info...

Full description

Saved in:
Bibliographic Details
Main Author: Hudek, Ľudovít
Format: Book Chapter
Language:Slovak
Subjects:
Tags: Add Tag
No Tags, Be the first to tag this record!

MARC

LEADER 00000naa a2200000 4500
001 r018005
005 20221213101454.2
041 0 |a slo 
044 |a SK 
245 1 0 |a Zámery v reforme  |c Ľudovít Hudek 
520 |a Pokračovanie v prácach na reforme verejnej správy, najmä miestnej správy na Slovensku. Zriadenie Rady vlády SR pre verejnú správu, ako poradného, iniciatívneho a koordinačného orgánu vlády. Zameranie činnosti rady vlády. Formovanie vzťahu štátu a subjektov miestnej samosprávy. Aktivity na úseku informatiky zamerané na zvyšovanie kvality informatizácie a racionalizácie výkonu štátnej správy a na presun správnych agend z policajného zboru do pôsobnosti úradov všeobecnej miestnej štátnej správy. 
610 2 0 |a správa verejná 
610 2 0 |a reformy štruktúrne 
610 2 0 |a programy vládne 
610 2 0 |a 1995 
610 2 0 |a Slovensko 
610 2 0 |a orgány štátne 
610 2 0 |a správa miestna 
610 2 0 |a správa štátna 
610 2 0 |a informatizácia 
100 1 |a Hudek, Ľudovít